Poradenství. Konzultace.
Profesionálne poradenstvo v podnikaní. Európska prax výberu poradenskej firmy. Poradenstvo v bývalej ČSFR. Obnova výkonnosti podnikov a činnosť poradenských firiem. Prekonávanie podnikových kríz. Prvá sieť poradenských firiem v ČR. Podmienky úspešnosti manažérskej činnosti. Úskalia súčasného marketi...
Gespeichert in:
| Format: | Buchkapitel |
|---|---|
| Sprache: | Tschechisch |
| Schlagworte: | |
| Tags: |
Keine Tags, Fügen Sie das erste Tag hinzu!
|
MARC
| LEADER | 00000naa a2200000 4500 | ||
|---|---|---|---|
| 001 | r012460 | ||
| 005 | 20220826093513.1 | ||
| 041 | 0 | |a cze | |
| 044 | |a CZ | ||
| 245 | 1 | 0 | |a Poradenství. |b Konzultace. |
| 520 | |a Profesionálne poradenstvo v podnikaní. Európska prax výberu poradenskej firmy. Poradenstvo v bývalej ČSFR. Obnova výkonnosti podnikov a činnosť poradenských firiem. Prekonávanie podnikových kríz. Prvá sieť poradenských firiem v ČR. Podmienky úspešnosti manažérskej činnosti. Úskalia súčasného marketingu. | ||
| 610 | 2 | 0 | |a poradenstvo profesionálne |
| 610 | 2 | 0 | |a podnikanie |
| 610 | 2 | 0 | |a Európa |
| 610 | 2 | 0 | |a ČSFR |
| 610 | 2 | 0 | |a Čechy |
| 610 | 2 | 0 | |a manažment |
| 610 | 2 | 0 | |a marketing |
| 610 | 2 | 0 | |a riadenie podnikové |
| 610 | 2 | 0 | |a firmy |